000 00356 a2200169 4500
001 189903
020 _a85-00-83148-0
040 _cMagnum
100 _aHetzel, Graziela Bozano
240 1 0 _aMenino golfinho
_lpor
245 1 0 _aMenino golfinho
300 _a
362 0 _a1996
440 1 _aEdiouro
697 _aLITERATURA INFANTIL
942 _cBK
999 _c189903
_d189903